Quick Pick: 2000s - Solo or Group? Quiz Stats

 Plays Quiz Updated Jun 5, 2019

Score 0/15 Timer 01:00
6 Plays Today
% Correct
Shakira
96.2%
Rihanna
96.1%
Jay-Z
95.7%
Alicia Keys
95.5%
Eminem
95.5%
Usher
95.3%
Chris Brown
94.9%
Missy Elliott
94%
% Correct
Christina Aguilera
94%
Fergie
94%
Ne-Yo
86.6%
T-Pain
81.5%
Beck
79.4%
Yung Joc
69.3%
Anastacia
69%

Today's Daily Dose

Missing Word
Banned Books (A-Z)

Word Ladder
Janis Joplin

Get the Picture
Occupations

You're not logged in!

Compare scores with friends on all Sporcle quizzes.
OR
Log In

Sporcle TV

Today on Sporcle TV


Watch our educational content, quiz creation guides, and fun videos on Sporcle TV.

Show Comments

Extras

Top Quizzes Today


Score Distribution

Your Account Isn't Verified!

In order to create a playlist on Sporcle, you need to verify the email address you used during registration. Go to your Sporcle Settings to finish the process.

Report this User

Report this user for behavior that violates our Community Guidelines.

Details: